Normal view MARC view
  • HAMBLIN, DAVID L. AND SIMPSON, A HAMISH R W

Entry Personal Name

Number of records used in: 1

001 - CONTROL NUMBER

  • control field: 8060

003 - CONTROL NUMBER IDENTIFIER

  • control field: JRU

005 - DATE AND TIME OF LATEST TRANSACTION

  • control field: 20230819155802.0

008 - FIXED-LENGTH DATA ELEMENTS

  • fixed length control field: 230819|| aca||aabn | a|a d

040 ## - CATALOGING SOURCE

  • Original cataloging agency: JRU
  • Transcribing agency: JRU

100 ## - HEADING--PERSONAL NAME

  • Personal name: HAMBLIN, DAVID L. AND SIMPSON, A HAMISH R W

670 ## - SOURCE DATA FOUND

  • Source citation: Work cat.: (JRU)8365: HAMBLIN, DAVID L. AND SIMPSON, A HAMISH R W., ADAMS'S OUTLINE OF ORTHOPAEDICS, 2010